Fünf Länder mit bestem Ergebnis in Basketball-WMs - Statistiken

Allgemein
  • Dieses Quiz wurde 74 mal gespielt
  • Das Durchschnittsergebnis liegt bei 15 aus 24
Antwortstatistiken
Verband Bestes Ergebnis Land % Korrekt
Europa Gold (1x) Deutschland
100%
Amerika Gold (5x) Vereinigte Staaten
97%
Amerika Bronze (1x) Kanada
96%
Europa Gold (2x) Spanien
91%
Asien 4. Platz (1x) Australien
86%
Ozeanien 5. Platz (2x) Australien
86%
Asien 8. Platz (1x) China
86%
Amerika Gold (1x) Argentinien
83%
Amerika Gold (3x) Brasilien
83%
Europa Silber (2x) Russland
83%
Ozeanien 4. Platz (1x) Neuseeland
81%
Europa Silber (2x) Serbien
75%
Afrika 5. Platz (1x) Ägypten
67%
Afrika 9. Platz (1x) Nigeria
65%
Afrika 14. Platz (1x) Algerien
51%
Europa Gold (5x) Jugoslawien
51%
Europa Gold (3x) Sowjetunion
51%
Amerika Bronze (2x) Chile
46%
Afrika 9. Platz (1x) Angola
32%
Asien Bronze (1x) Philippinen
32%
Afrika 13. Platz (2x) Elfenbeinküste
26%
Asien 7. Platz (1x) Israel
26%
Asien 4. Platz (1x) Taiwan
20%
Afrika 14. Platz (1x) Zentralafrikanische Republik
6%
Keine übereinstimmenden Quizze gefunden
Verteilung der Resultate
Anzahl Personen mit jedem Resultat
Perzentil nach korrekt beantworteten Fragen
Ihre Resultats-Entwicklung
Sie haben dieses Quiz noch nicht gespielt